| 000 | 00880nam a2200385 a 4500 | ||
|---|---|---|---|
| 001 | 4025 | ||
| 005 | 20140414131919.0 | ||
| 008 | 040118s19uu xx 00 eng d | ||
| 020 | _a0-590-47563-0 | ||
| 050 |
_aER _bP57 1994 |
||
| 050 |
_aER _bP57 2003 |
||
| 100 | _aMaccarone, Grace | ||
| 245 |
_aPizza party / _cGrace Maccarone. |
||
| 260 |
_aU.S.A : _bScholastic, _c1994. |
||
| 300 | _ap. ; cm. | ||
| 440 | _aHello reader | ||
| 520 | _aA group of children have fun making a pizza. | ||
| 650 |
_aPizza _xFiction. |
||
| 650 | _aStories in rhyme. | ||
| 999 |
_c111636 _d111636 |
||